Does the Gap Model Work in Asia?

Gespeichert in:
Bibliographische Detailangaben
1. Verfasser: Coe, David T.
Weitere Verfasser: MacDermott, C. John
Format: Buch
Sprache:Englisch
Veröffentlicht: Washington International Monetary Fund 1996
Ausgabe:1. ed.
Schriftenreihe:IMF Working Paper 69
Schlagworte:
Tags: Tag hinzufügen
Keine Tags, Fügen Sie das erste Tag hinzu!

MARC

LEADER 00000nam a2200000 4500
001 c017446
005 20221205125112.0
041 0 |a eng 
044 |a US 
245 1 0 |a Does the Gap Model Work in Asia?  |c David T. Coe, C. John MacDermott 
250 |a 1. ed. 
264 1 |a Washington  |b International Monetary Fund  |c 1996 
300 |a 26 s. 
490 1 |a IMF Working Paper  |v 69 
830 0 |a IMF Working Paper  |v 69 
610 2 0 |a priemysel 
610 2 0 |a hospodárstvo kontinentov 
610 2 0 |a ekonomika výroby 
610 2 0 |a Ázia 
610 2 0 |a inflácia 
610 2 0 |a deficit 
610 2 0 |a produkt domáci hrubý 
610 2 0 |a porovnanie medzinárodné 
610 2 0 |a výskum ekonomický 
100 1 |a Coe, David T. 
700 1 |a MacDermott, C. John